Tony Award Best Musicals - Sudden Death - Statistics

General Stats
  • This quiz has been taken 300 times
  • The average score is 7 of 20
Answers on the Grid
Answers color-coded by a green-red scale on the quiz's grid according to % correct below.
Wicked
Company
Fiddler on the Roof
Hair
Hairspray
Mamma Mia!
Sweet Charity
Hadestown
South Pacific
The Outsiders
Six
The Prom
Cats
The Light in the Piazza
Avenue Q
Titanic
Godspell
Gypsy
Funny Girl
The Music Man
West Side Story
Evita
A Chorus Line
Mary Poppins
Pippin
The Wiz
Chicago
Hamilton
Dreamgirls
1776
Memphis
Matilda
Oliver!
Kinky Boots
The Pajama Game
Grease
Nine
Starlight Express
Mean Girls
Kimberly Akimbo
 
Answer Stats
Answer % Correct
Fiddler on the Roof
48%
Hairspray
47%
Hadestown
43%
The Outsiders
43%
Avenue Q
42%
Cats
42%
Hamilton
42%
Company
40%
South Pacific
39%
Kimberly Akimbo
34%
A Chorus Line
33%
Evita
30%
Kinky Boots
28%
The Music Man
26%
1776
23%
Memphis
23%
Titanic
23%
Nine
22%
The Pajama Game
21%
The Wiz
20%
No matching quizzes found
Score Distribution
Percent of People with Each Score
Percentile by Number Answered
Your Score History
You have not taken this quiz